Poemas

Guardat en:
Dades bibliogràfiques
Autor principal: Frost, Robert
Format: Llibre
Idioma:Undetermined
Publicat: Buenos Aires, Argentina Corregidor 1979
Matèries:
Etiquetes: Afegir etiqueta
Sense etiquetes, Sigues el primer a etiquetar aquest registre!

MARC

LEADER 00000nam a2200000Ia 4500
008 170316s9999 xx 000 0 und d
040 |a cru BVZT 
090 |a 810 F-26p 
100 |a Frost, Robert 
245 |a Poemas 
260 |a Buenos Aires, Argentina 
260 |b Corregidor 
260 |c 1979 
300 |a 189 páginas 
650 |a LITERATURA ESTADOUNIDENSE 
999 |c 5622  |d 5622 
942 |c 15 D  |h 810 F-26p  |2 z